000
00297nam a22001337a 4500
003
SGT
082
_a
340
_b
MAC
100
_a
MACDONALD A M
245
_a
CHAMBERS TWENTIETH CENTURY DICTIONARY
250
_a
3
260
_a
NEW DELHI
_b
ALLIED PUBLISHER
_c
1975
300
_a
1651
942
_2
ddc
_c
BK
999
_c
25540
_d
25540